Introduction to operations research / (Record no. 9592)
[ view plain ]
| 000 -LEADER | |
|---|---|
| fixed length control field | 00863nac a22002291u 4500 |
| 010 ## - LIBRARY OF CONGRESS CONTROL NUMBER | |
| LC control number | 2004046585 |
| 020 ## - INTERNATIONAL STANDARD BOOK NUMBER | |
| International Standard Book Number | 1575241986 (alk. paper) |
| 082 00 - DEWEY DECIMAL CLASSIFICATION NUMBER | |
| Classification number | 658.4034 |
| Item number | ECK |
| 090 ## - LOCALLY ASSIGNED LC-TYPE CALL NUMBER (OCLC); LOCAL CALL NUMBER (OCLC) | |
| -- | 9592 |
| -- | 9592 |
| 100 ## - MAIN ENTRY--PERSONAL NAME | |
| Personal name | Ecker, Joseph G. |
| 245 10 - TITLE STATEMENT | |
| Title | Introduction to operations research / |
| Statement of responsibility, etc | Joseph G. Ecker, Michael Kupferschmid. |
| 260 ## - PUBLICATION, DISTRIBUTION, ETC. (IMPRINT) | |
| Place of publication, distribution, etc | Malabar, Fla. : |
| Name of publisher, distributor, etc | Krieger Pub.,c.2004. |
| Date of publication, distribution, etc | c.2004. |
| 300 ## - PHYSICAL DESCRIPTION | |
| Extent | p. cm. |
| 500 ## - GENERAL NOTE | |
| General note | Originally published: New York : John Wiley, 1988. |
| 500 ## - GENERAL NOTE | |
| General note | Distributer: Baccah. |
| 504 ## - BIBLIOGRAPHY, ETC. NOTE | |
| Bibliography, etc | Includes bibliographical references and index. |
| 511 ## - PARTICIPANT OR PERFORMER NOTE | |
| Participant or performer note | Catalogued By: Mahitab. |
| 650 #0 - SUBJECT ADDED ENTRY--TOPICAL TERM | |
| Topical term or geographic name as entry element | Operations research. |
| 700 1# - ADDED ENTRY--PERSONAL NAME | |
| Personal name | Kupferschmid, Michael. |
| 942 ## - ADDED ENTRY ELEMENTS (KOHA) | |
| Item type | Book - Borrowing |
| Call number prefix | 658.4034ECK |
| Withdrawn status | Item status | Source of classification or shelving scheme | Damaged status | Not for loan | Vendor | Home library | Current library | Shelving location | Date acquired | Source of acquisition | Cost, normal purchase price | Total Checkouts | Total Renewals | Full call number | Barcode | Date last seen | Date last borrowed | Cost, replacement price | Koha item type |
|---|---|---|---|---|---|---|---|---|---|---|---|---|---|---|---|---|---|---|---|
| Dewey Decimal Classification | Central Library | Central Library | First floor | 22/05/2008 | 420.00 | 6 | 10 | 658.4034ECK | 000011392 | 15/07/2025 | 12/04/2022 | 525.00 | Book - Borrowing | ||||||
| Central Library | Central Library | First floor | 22/05/2008 | Purchase | 420.00 | 658.4034ECK | 000011387 | 15/07/2025 | 525.00 | NB - Book (Non borrowing) |